Responses for Show #4909 - Thursday, January 5, 2006

Tom Kavanaugh game 6.

Contestants

[<< previous game]

Stephanie Lutz, a translation coordinator from Philadelphia, Pennsylvania

Craig Smith, a musician from Maylene, Alabama

Tom Kavanaugh, a writer from St. Louis, Missouri (whose 5-day cash winnings total $94,201)

[next game >>]

Jeopardy! Round responses

THE BODY HUMAN
BOTTOMS UP!
NATIONAL PARKS
PEOPLE POWER REVOLUTIONS
STAR WARS
MAY THE "FOR"s BE WITH YOU
    $200 6
cellulite

Tom
    $200 16
(Tom: What is Absolut?)
(Stephanie: What is Smirnoff?)
(Craig: What is Stolichnaya?)

Finlandia

TomCraigStephanie
Triple Stumper
    $200 21
(Alex: Yes. No! Yes!)
(Stephanie: PARKS for $400.)
[Laughter]
(Alex: Pick one of the above!)

Michigan

Stephanie
    $200 26
Indonesia

Tom
    $200 1
Paula Abdul

Stephanie
    $200 7
Formica

Stephanie
    $400 12
the mammary

Stephanie
    $400 17
tequila

Craig
    $400 22
(Alex: Yes! No! Yes! See, I'm in--I'm into a rhythm now.)

a saguaro

Craig
    $400 27
Ukraine

Stephanie
    $400 2
Paris Hilton

Craig
    $400 8
Forever

Tom
    $600 13
ventricles

Tom
    $600 18
piƱa colada

Tom
    $1,500 23
the Everglades

Craig
    $600 28
Lebanon

Stephanie
    $600 3
Madonna

Tom
    $600 9
Formosa

Tom
    $800 14
the palate

Tom
    $800 19
(Craig: What is aqua vitae?)
(Alex: We'll take it.)

aquavit

Craig
    $800 24
Great Smoky Mountains (National Park)

Triple Stumper
    $800 29
Marcos (or Estrada)

Triple Stumper
    $800 4
Joan Crawford

Craig
    $800 10
forte

Tom
    $1000 15
(Tom: What is seratonin?)

melatonin

Tom
Triple Stumper
    $1000 20
(Alex: [*]. "Definitely not [*]!")

Merlot

Tom
    $1000 25
Carlsbad Caverns

Tom
    $1000 30
Georgia

Triple Stumper
    $1000 5
(Tucker) Carlson

Stephanie
    $1000 11
Fortitude

Tom

Scores at the first commercial break (after clue 15):

Tom Craig Stephanie
$4,000 $1,200 $1,800

Scores at the end of the Jeopardy! Round:

Tom Craig Stephanie
$6,600 $4,100 $2,800

Double Jeopardy! Round responses

HAIL TO THE CHIEF
LITERARY ROCK & ROLL
LOUIS, LOUIS
THE AIR UP THERE
SCIENCE NEWS
ADJECTIVAL ENDINGS
(Alex: We want you to give us the ending that makes the words we give you turn into adjectives. Give us the ending, not the word.)
    $400 16
Reagan

Stephanie
    $400 11
Bruce Springsteen

Triple Stumper
    $400 6
Louis Braille

Tom
    $400 20
Los Angeles International Airport

Tom
    $400 26
lava

Tom
    $400 1
-ine

Stephanie
    $800 17
Herbert Hoover

Triple Stumper
    $800 12
"White Rabbit"

Tom
    $800 7
Louis Leakey

Tom
    $800 22
parachutes

Craig
    $800 27
lemmings

Tom
    $800 2
(Alex: Ish kabibble!)

-ish

Craig
    $1200 18
McKinley

Triple Stumper
    $1200 13
(Stephanie: Who is Kris Kristofferson?)

Leonard Nimoy

Stephanie
Triple Stumper
    $2,200 8
(Louis) Brandeis

Tom
    $1200 23
(Craig: What is landing?)

refueling

TomCraig
    $1200 28
(Tom: What are genes?)

chromosomes

TomStephanie
    $1200 3
-like

Stephanie
    $1600 19
(Tom: Who is William Henry Harrison?)

Zachary Taylor

Tom
Triple Stumper
    $1600 14
The Stranger

Tom
    $1600 9
Louis Jordan

Craig
    $1600 24
(Alex: And that would be the head of Virgin Airways, [*].)

Richard Branson

Triple Stumper
    $1600 29
the liver

Tom
    $1600 4
(Alex: What is [*], not node.)

-oid

Triple Stumper
    $2000 21
(Tom: Who is Polk?)

Andrew Jackson

Tom
Triple Stumper
    $2,600 15
Kubla Khan

Tom
    $2000 10
Louis L'Amour

Tom
    $2000 25
Rajiv Gandhi

Tom
    $2000 30
quantum

Triple Stumper
    $2000 5
-esque

Craig

Scores at the end of the Double Jeopardy! Round:

Tom Craig Stephanie
$18,600 $8,100 $4,800
(lock game)

[wagering suggestions for these scores]

Final Jeopardy! Round responses

RELIGIOUS PERSONALITIES
(Alex: And now he's gone over the $100,000 mark...)
StephanieWho is Pope John Paul II?
$3,301
CraigWho is Billy Graham?
$5,000
TomWho is Billy Graham
$1,400
the Reverend Billy Graham

Final scores:

Tom Craig Stephanie
$20,000 $13,100 $1,499
6-day champion: $114,201 2nd place: $2,000 3rd place: $1,000

Game dynamics:

Coryat scores:

Tom Craig Stephanie
$17,000 $7,200 $4,800
25 R
(including 2 DDs),
5 W
10 R
(including 1 DD),
2 W
11 R,
2 W

Combined Coryat: $29,000

[game clues] [game scores] [suggest correction]

Game tape date: 2005-10-25
The J! Archive is created by fans, for fans. Scraping, republication, monetization, and malicious use prohibited; this site may use cookies and collect identifying information. See terms. The Jeopardy! game show and all elements thereof, including but not limited to copyright and trademark thereto, are the property of Jeopardy Productions, Inc. and are protected under law. This website is not affiliated with, sponsored by, or operated by Jeopardy Productions, Inc. Join the discussion at JBoard.tv.